| 000 | 00967nam a22001937a 4500 | ||
|---|---|---|---|
| 003 | JO-AjAnu | ||
| 005 | 20240605112701.0 | ||
| 008 | 240402b jo ||||| |||| 00| 0 ara d | ||
| 040 |
_aJO-AjAnu _bARA _cJO-AjAnu |
||
| 041 | 0 | _aara | |
| 100 | 1 |
_aبنيان، عبدالحليم علي. _eمعد _965249 |
|
| 245 | 1 | 0 |
_aمبدأ الوجاهية في الدعوى المدنية : (دراسة مقارنة) = The Principle of Prima Facie Case in Civil Lawsuit : (A comparative Study) / _cاعداد عبدالحليم علي بنيان ؛ اشراف محمد شفيق فريحات. |
| 260 | _c2023 | ||
| 300 | _a92 ورقة | ||
| 500 | _aرسالة جامعية ( رسالة ماجستير في القانون) - جامعة عجلون الوطنية ( عجلون، الاردن)، كلية الحقوق، 2023. | ||
| 650 | 7 | 0 |
_aالدعوى المدنية - الاردن. _965251 |
| 700 | 1 |
_aفريحات، محمد شفيق. _eمشرف _965064 |
|
| 942 |
_2lcc _cTHS _n0 |
||
| 999 |
_c33400 _d33400 |
||